| 000 | 01631nam a2200433Ii 4500 | ||
|---|---|---|---|
| 001 | DIGLCATRTA0270 | ||
| 003 | NyNyDIG | ||
| 006 | m o d | ||
| 007 | cr ||||||||||| | ||
| 008 | 211211s2019 sp ob 000 0 spa d | ||
| 035 | _a(OCoLC)1319853142 | ||
| 040 |
_aDGITA _beng _erda _epn _cDGITA |
||
| 020 |
_a9788490977316 _qeBook |
||
| 020 | _z9788490978290 | ||
| 050 | 1 | 4 | _aLC213 ebook |
| 100 | 1 |
_aSánchez Sáinz, Mercedes, _eauthor. |
|
| 245 | 1 | 0 |
_aPedagogías queer : _b¿nos arriesgamos a hacer otra educación? / _cMercedes Sánchez Sáinz ; prólogo de Val Flores. |
| 246 | 3 | 0 | _aNos arriesgamos a hacer otra educación? |
| 264 | 1 |
_aMadrid : _bCatarata, _c[2019] |
|
| 300 | _a1 online resource. | ||
| 336 |
_atext _btxt _2rdacontent |
||
| 337 |
_acomputer _bc _2rdamedia |
||
| 338 |
_aonline resource _bcr _2rdacarrier |
||
| 347 |
_atext file _2rdaft |
||
| 347 | _bEPUB | ||
| 504 | _aIncludes bibliographical references. | ||
| 588 | 0 | _aOnline resource; title from ePUB title page (Digitalia, viewed December 11, 2021) | |
| 650 | 0 | _aEducational equalization. | |
| 650 | 0 | _aGender identity in education. | |
| 650 | 0 | _aQueer theory. | |
| 655 | 0 | _aElectronic books. | |
| 700 | 1 |
_aFlores, Val, _econtributor agent of text. |
|
| 791 | 2 |
_aDigitalia (Firm), _edistributor. |
|
| 793 | 0 |
_gDigitalia eBook Collection: _aLos libros de la catarata |
|
| 776 | 0 | 8 |
_iPrint version: _aSánchez Sáinz, Mercedes. _tPedagogías queer. _dMadrid : Catarata, [2019] _z9788490978290 |
| 856 | 4 | 0 |
_3Digitalia Hispánica _uhttps://www.digitaliapublishing.com/a/81131/ |
| 910 | _aPremium collection: 2022 | ||
| 942 | _cRAA | ||
| 999 |
_c265146 _d265146 |
||